| 000 | 00303nam a22000977a 4500 | ||
|---|---|---|---|
| 008 | 230728b |||||||| |||| 00| 0 eng d | ||
| 040 |
_aNational Science Library _cNational Science Library |
||
| 245 | _aProceedings of the linnean society of London | ||
| 260 |
_aLondon: _bBurlington House |
||
| 942 |
_2udc _cCR |
||
| 999 |
_c56134 _d56134 |
||